| 000 | 01026nam a2200229Ii 4500 | ||
|---|---|---|---|
| 003 | JO-AjNU | ||
| 008 | 230605s9999||||xx |||||||||||||| ||und|| | ||
| 017 | _a2007/6125 | ||
| 020 | _a977-379-043-3 | ||
| 040 |
_aJO-AjNU _bara _erda _cJO-AjNU |
||
| 041 | _aara | ||
| 050 | 1 | 4 | _aK564.C6.J37.2007 |
| 100 | 3 |
_a الجريدلى ، جمال زكي , _eauthor _931956 |
|
| 245 | 0 | 0 | _aالبيع الإلكتروني للسلع المقلدة عبر شبكة الإنترنت " دراسة فقهية مقارنة " |
| 250 | _aط1 | ||
| 264 | 3 | 1 | _aالاسكندرية : دار الفكر الجامعي ، 2007 |
| 300 | _a303ص | ||
| 336 |
_atext _btxt _2rdacontent |
||
| 337 |
_aunmediated _bn _2rdamedia |
||
| 338 |
_avolume _bnc _2rdacarrier |
||
| 650 | 4 |
_aالبيع -- قوانيين وتشريعات -- مصر -- البيع ( فقة اسلامي ) -- البيع عبر الانترنت -- القانون التجاري -- مصر -- التجارة الالكترونية --قوانين وتشريعات -- مصر _931957 |
|
| 999 |
_aA12841 _c16409 _d16409 |
||